000 00532nam a22001457a 4500
020 _a978-81-7223-419-5
082 _a823
_bGHO/G
100 _aGHOSH, AMITAV
245 _aTHE GLASS PALACE
260 _aNOIDA
_bHARPER COLLINS INDIA
_c2008
300 _a550
520 _aSet in Burma during the British invasion of 1885, this masterly novel tells the story of Rajkumar, a poor boy lifted on the tides of political and social chaos, who goes on to create an empire in the Burmese teak forest.
650 _aNOVEL
_zINDIA
942 _cBK
999 _c3226
_d3226